000 01083 a2200205 4500
020 _a0471392200
020 _a9780471392200
082 0 4 _a332
090 _c2499
_d2499
100 1 _aDamodaran, Aswath.
245 1 0 _aCorporate finance :
_btheory and practice /
_cAswath Damodaran.
250 _a2nd ed.
260 _a[S.l.] :
_bJohn Wiley & Sons Inc,
_c2001.
300 _a928 p. ;
_c26 cm.
500 _aHardcover.
520 _aA text with a thoroughly integrated applications orientation revolving around the philosophy that companies need to know how to finance organizations in order to reach optimal capital structure. Recognizing that every investment decision involves choosing the right amount of debt and equity, the text suggests readers look at data and ask, "What is relevant? Why is this detail important? How does it answer the question?"
856 4 0 _3Amazon.com
_uhttp://www.amazon.com/exec/obidos/ASIN/0471392200/chopaconline-20
856 4 0 _3Amazon customer reviews
_uhttp://www.chopac.org/cgi-bin/tools/azrev.pl?q=0471392200
942 _aNBS
_cBK
_k658.15 DAM
999 _c344996
_d344996